The symmetrical optical system / (Record no. 188001)

MARC details
000 -LEADER
campo de control de longitud fija 00661nam a2200205 i 4500
001 - NÚMERO DE CONTROL
campo de control 188001
003 - IDENTIFICADOR DE NÚMERO DE CONTROL
campo de control ES-MaACL
005 - FECHA Y HORA DE LA ÚLTIMA TRANSACCIÓN
campo de control 20230906223058.0
007 - CAMPO FIJO DE DESCRIPCIÓN FÍSICA--INFORMACIÓN GENERAL
campo de control de longitud fija t|
008 - DATOS DE LONGITUD FIJA--INFORMACIÓN GENERAL
campo de control de longitud fija 180406s1928 xxk ||||1| eng d
100 0# - ENTRADA PRINCIPAL--NOMBRE DE PERSONA
Nombre de persona Steward, G. C.
9 (RLIN) 108174
245 14 - MENCIÓN DEL TÍTULO
Título The symmetrical optical system /
Mención de responsabilidad, etc. by G. C. Steward.
260 ## - PUBLICACIÓN, DISTRIBUCIÓN, ETC.
Lugar de publicación, distribución, etc. London :
Nombre del editor, distribuidor, etc. Cambridge University Press, 1928.
300 ## - DESCRIPCIÓN FÍSICA
Extensión VIII, 102 p. ;
Dimensiones 22 cm.
490 1# - MENCIÓN DE SERIE
Mención de serie Cambridge tracts in mathematics and mathematical physics ;
Designación de volumen o secuencia 25
650 04 - PUNTO DE ACCESO ADICIONAL DE MATERIA--TÉRMINO DE MATERIA
Término de materia o nombre geográfico como elemento de entrada Optica.
9 (RLIN) 15726
830 0# - PUNTO DE ACCESO ADICIONAL DE SERIE-TÍTULO UNIFORME
Título uniforme Cambridge tracts in mathematics and mathematical physics ;
Designación de volumen o secuencia 25
9 (RLIN) 192958
852 ## - LOCALIZACIÓN
Ubicación ES-MaACL
Número de control de estantería C-8163
Holdings
Estatus retirado Estado de pérdida Estado de daño No para préstamo Biblioteca de origen Biblioteca actual Ubicación en estantería Fecha de adquisición Fuente de adquisición Total de préstamos Signatura topográfica completa Código de barras Visto por última vez Precio de reemplazo Tipo de ítem Koha
        Biblioteca del Ateneo de Madrid Biblioteca del Ateneo de Madrid Sala Palomar 06/04/2018     C-8163 1198654 23/02/2023 23/02/2023 Libro impreso